000 00855nam a2200229 a 4500
001 54471
003 BD-RjUL
005 20211209080127.0
008 161107s1964 ii ||||| |||| 00| 0 ben d
020 _c: IRs 2.00
035 _a(BD-RjUL)54593
040 _aBD-RjUL
_bben
_cBD-RjUL
041 _aben
082 _223
_a954.9203
_bWAF 1964
100 _aওয়ালিউল্লাহ, মোহাম্মদ
_9136886
245 1 0 _aফাঁসির মঞ্চে /
_cমোহাম্মদ ওয়ালিউল্লাহ
260 _aঢাকা :
_bকোহিনূর লাইব্রেরী,
_c১৯৬৪ [১৩৭১]
300 _a১০১ পৃ. ;
_c২১ সেমি.
650 _aইতিহাস
_zবাংলাদেশ
_9162524
650 _aHistory
_zBangladesh
_9162525
942 _2ddc
_cBK
999 _c54471
_d54471